00457nam a2200181Ia 4500003000400000005001700004008004100021040000700062041000800069082002000077100002000097245008300117260002600200365001300226440000600239650001600245650001400261OSt20230530101530.0210423s2000 xx 000 0 und d cAL aeng a307.14 VOPG223 aVOPEL (Klaus W) aGames for growth: perception and communication influency power and competition aNew DelhibDBYAc2000 b450cINR v6 aCommunities aSociology